000 00520nam a22001937a 4500
003 OSt
005 20151203112035.0
008 130622t xxu||||| |||| 00| 0 eng d
020 _a9781904534921
050 _aQC 21.3
_b.D911 2008
082 _aIB 530
_b.D91 2008
100 _aDuncan, Hugh
245 _aIB physics :
_boption I - medical physics HL : for examinations in 2009
_cHugh Duncan
250 _a2nd ed.
260 _aUK :
_bOSC,
_cc2008.
300 _a32 p. ;
_bill. ;
942 _2lcc
_cBK
999 _c2998
_d2998